| 000 | 00517nam a2200193Ia 4500 | ||
|---|---|---|---|
| 008 | 131103s9999 xx 000 0 und d | ||
| 020 | _a0 590 45213 4 | ||
| 040 | _aLoreto College | ||
| 041 | _aEnglish | ||
| 082 |
_aREF/BRE _bLCBED/12417 |
||
| 100 | _aBrenner, Barbara | ||
| 245 |
_aWhere's that reptile? _cBarbara Brenner & Bernice Chardiet |
||
| 260 |
_aNew York _bScholastic _c[19?] |
||
| 300 |
_a24p. _b ill. _c 24cm. |
||
| 650 | _aREF | ||
| 700 | _aChardiet, Bernice | ||
| 850 | _aLCBED/REF | ||
| 942 | _cBK | ||
| 999 |
_c33937 _d84416 |
||